| 000 | 00827cam a2200229 4500 | ||
|---|---|---|---|
| 001 | B2258 | ||
| 008 | 090401t1989 xxu||||| |||| 00| 0 eng d | ||
| 035 | _a(Sirsi) u48984 | ||
| 041 | _aeng | ||
| 050 | _a711.552 | ||
| 090 | _aRICS 1989/14 A | ||
| 110 |
_aInstitution and College Conferences _92330 |
||
| 245 | _aRetail property:planning and forecasting for shopping needs.15 February 1989, The Barbican Centre, London | ||
| 260 |
_aLondon _bInstitution and College Conferences _c1989 |
||
| 300 | _a3 papers ; 4 other items | ||
| 350 | _a0 | ||
| 520 | _aPapers by Light,Nick , Crook,Michael and Watt,David . Part of a 3-day event Property business show . Includes synopses of other papers,programme and participant details. | ||
| 650 | _aCONFERENCE | ||
| 650 | _aRETAIL PLANNING | ||
| 942 | _n0 | ||
| 948 | _c04/03/1997 | ||
| 999 |
_c92454 _d92454 |
||